000 00351nam a2200157Ia 4500
003 OSt
005 20240217142542.0
008 170524s9999 xx 000 0 und d
020 _a978-1558706187
040 _cIIMT
100 _aRyde-rao
245 0 _aChildrens's rooms in a weekend
260 _bMerehurst ltd.
260 _c1998
942 _2ddc
_c02
999 _c7303
_d7303